000 00542nam a22001817a 4500
005 20250915105709.0
008 250915b ||||| |||| 00| 0 spa d
020 _a978-631-005634-0
040 _aAR-FvUNAJ
_dAR-FvUNAJ
_eaacr2
082 1 4 _214
_a863
100 1 _921903
_aGauna, Zoe Abril
245 1 0 _aCuentos de un mate cocido lluvioso /
_cZoe Abril Gauna.
260 _aFlorencio Varela :
_bdel autor,
_c2024.
300 _a178 p.
650 0 _91369
_aCUENTO
942 _2ddc
_cLIBRO
980 _62
_aVirginia Figueroa
_82
_gVirginia Figueroa
999 _c11094
_d11094